ბათუმის შოთა რუსთაველის სახელმწიფო უნივერსიტეტის ბიბლიოთეკა

Земледелие и земледельческий культ в древней Грузии(по археологическим материалам) (ბიბ.ჩანაწერი № 45806)

000 -LEADER
fixed length control field 00815nam a2200229Ia 4500
001 - CONTROL NUMBER
control field 12634
003 - CONTROL NUMBER IDENTIFIER
control field GE_BSU
008 - FIXED-LENGTH DATA ELEMENTS--GENERAL INFORMATION
fixed length control field 181216s||||||||xx |||||||||||||| ||und||
040 ## - CATALOGING SOURCE
Transcribing agency GE_BSU
080 ## - UNIVERSAL DECIMAL CLASSIFICATION NUMBER
Universal Decimal Classification number 903'16(479.22)+63(479.22)(09)
100 ## - MAIN ENTRY--PERSONAL NAME
Personal name Киквидзе,Я.А.
245 ## - TITLE STATEMENT
Title Земледелие и земледельческий культ в древней Грузии(по археологическим материалам)
245 ## - TITLE STATEMENT
Statement of responsibility, etc. Ред.А.И.Джавахишвили
260 ## - PUBLICATION, DISTRIBUTION, ETC.
Place of publication, distribution, etc. Тбилиси
260 ## - PUBLICATION, DISTRIBUTION, ETC.
Name of publisher, distributor, etc. Мецниереба
260 ## - PUBLICATION, DISTRIBUTION, ETC.
Date of publication, distribution, etc. 1987
300 ## - PHYSICAL DESCRIPTION
Extent 267стр.22см.илл.
653 ## - INDEX TERM--UNCONTROLLED
Uncontrolled term Земледелие и земледельческий культ в древней Грузии
653 ## - INDEX TERM--UNCONTROLLED
Uncontrolled term არქეოლოგია
942 ## - ADDED ENTRY ELEMENTS (KOHA)
Koha item type წიგნი
ეგზემპლარები
Withdrawn status Lost status Damaged status Not for loan Date acquired Barcode Date last seen Price effective from Koha item type
        2018-12-17 20585 2018-12-17 2018-12-17 წიგნი